• 首页
  • 本馆介绍
  • 公告通知
  • 最新文献
  • 馆藏检索
  • 电子资源
  • 读者导购
  • 参考咨询
  • 我的图书馆
  • 登录
  • 详细信息显示
  • 放入我的书架
  • 预约/预借图书
  • 作者相关作品
  • 分类相关作品
  • 丛书相关作品
  • 出版社相关作品

书目信息

  • 表格格式
  • 工作单格式
  • 卡片格式
题名:
安装监理员上岗指南
    
 
作者: 梁金钊 主编
分册:  
出版信息: 北京   中国建材工业出版社  2013
页数: 256页
开本: 24cm
丛书名: 安装工程关键岗位管理人员上岗指南丛书
单 册:
中图分类: TU758 , TU712-62
科图分类:
主题词: 建筑安装--施工监理--基本知识 , 建筑工程--施工管理
电子资源:
ISBN: 978-7-5160-0331-2
000 01040nam0 2200265 450
001 1124
005 20161008084200.63
010    @a978-7-5160-0331-2@b平装@dCNY45.00
100    @a20130122d2013 em y0chiy50 ea
101 0  @achi
102    @aCN@b110000
105    @ak z 000yy
200 1  @a安装监理员上岗指南@9an zhuang jian li yuan shang gang zhi nan@e不可不知的500个关键细节@f梁金钊主编@g本书编写组编
210    @a北京@c中国建材工业出版社@d2013
215    @a256页@d24cm
225 1  @a安装工程关键岗位管理人员上岗指南丛书
330    @a本书根据安装工程施工质量验收规范进行编写,详细介绍了安装工程监理员上岗操作应知应会的基础理论和专业知识。书中对安装工程监理的工作要点进行归纳总结,以关键细节的形式进行阐述。
517 1  @a不可不知的500个关键细节@9bu ke bu zhi de 500 ge guan jian xi jie
606 0  @a建筑安装@x施工监理@x基本知识
606 0  @a建筑工程@x施工管理
690    @aTU758@v5
690    @aTU712-62@v4
701  0 @a梁金钊@9liang jin zhao@4主编
801  0 @aCN@b唐山师范学院图书馆@c20160830
905    @aZUCC@dTU758@e862
    
    安装监理员上岗指南:不可不知的500个关键细节/梁金钊主编/本书编写组编.-北京:中国建材工业出版社,2013
    256页;24cm.-(安装工程关键岗位管理人员上岗指南丛书)
    
    
    ISBN 978-7-5160-0331-2(平装):CNY45.00
    本书根据安装工程施工质量验收规范进行编写,详细介绍了安装工程监理员上岗操作应知应会的基础理论和专业知识。书中对安装工程监理的工作要点进行归纳总结,以关键细节的形式进行阐述。
●
相关链接 在E读中查询图书 在五车中查询图书 在当当中查询图书 在豆瓣中查询图书


正题名:安装监理员上岗指南     索取号:TU758/862         预约/预借

序号 登录号 条形码 馆藏地/架位号 状态 备注
1 907022   209070226   第二样本阅览室/ [索取号:TU758/862] 在馆    
2 907023   209070235   第三借阅区/ [索取号:TU758/862] 在馆    
3 907024   209070244   第三借阅区/ [索取号:TU758/862] 在馆    
4 907025   209070253   第三借阅区/ [索取号:TU758/862] 在馆    
5 907026   209070262   第三借阅区/ [索取号:TU758/862] 在馆    
唐山师范学院图书馆 欢迎您!
大连网信软件有限公司© 版权所有